000 01994cam a22004214a 4500
999 _c2408
_d2408
001 13655707
003 OSt
005 20180117085940.0
008 040715s2005 enkab b i101 0 eng
010 _a 2004054865
020 _a184542123X
040 _aDLC
_cDLC
_dDLC
042 _apcc
043 _aa------
_ap------
050 0 0 _aHC415.P6
_bP687 2005
082 0 0 _a339.4/6/095
_222
100 _4John Weiss.
245 0 0 _aPoverty targeting in Asia /
_cedited by John Weiss.
260 _aCheltenham, UK ;
_aNorthampton, MA :
_bEdward Elgar,
_cc2005.
300 _axvii, 282 p. :
_bill., maps ;
_c24 cm.
500 _aFive countries selected for study: India, Indonesia, the Peoples Republic of China, the Philippines, and Thailand.
500 _aEdited versions of papers presented at an Asian Development Bank Institute (ADBI) workshop in November 2003 and a conference in December 2003, both held in Tokyo.
500 _a"A joint publication of the Asian Development Bank Institute and Edward Elgar Publishing."
504 _aIncludes bibliographical references and index.
650 0 _aPoverty
_zAsia
_vCongresses.
650 0 _aPoverty
_zPacific Area
_vCongresses.
650 0 _aMicrofinance
_zAsia
_vCongresses.
650 0 _aMicrofinance
_zPacific Area
_vCongresses.
651 0 _aAsia
_xEconomic conditions
_y1945-
_vCongresses.
651 0 _aPacific Area
_xEconomic conditions
_y20th century
_vCongresses.
700 1 _aWeiss, John,
_d1948-
710 2 _aAsian Development Bank Institute.
856 4 1 _3Table of contents
_uhttp://www.loc.gov/catdir/toc/fy054/2004054865.html
906 _a7
_bcbc
_corignew
_d1
_eocip
_f20
_gy-gencatlg
942 _2ddc
_cBK